30 Largest Empires: Flags - Statistics

General Stats
  • This quiz has been taken 130 times
  • The average score is 13 of 30
Answer Stats
Picture Answer % Correct
British Empire
99%
Second French Colonial Empire
96%
Mongol Empire
95%
Qing Dynasty
91%
Russian Empire
86%
Spanish Empire
86%
Empire of Japan
79%
Ottoman Empire
73%
First Mexican Empire
72%
Empire of Brazil
71%
Roman Empire
71%
Second Portuguese Empire
62%
Achaemenid Empire
44%
Macedonian Empire
44%
Abbasid Caliphate
37%
Umayyad Caliphate
34%
Golden Horde Khanate
24%
Eastern Han Dynasty
21%
Tibetan Empire
18%
Western Han Dynasty
18%
Ming Dynasty
14%
Tang Dynasty
14%
Yuan Dynasty
13%
Xiongnu Empire
12%
Timurid Empire
10%
Rashidun Caliphate
9%
First Turkic Khaganate
6%
Northern Yuan Dynasty
5%
Xianbei State
2%
Xin Dynasty
2%
No matching quizzes found
Score Distribution
Percent of People with Each Score
Percentile by Number Answered
Your Score History
You have not taken this quiz